| 000 | 004690000a22001810004500 | ||
|---|---|---|---|
| 003 | MACL | ||
| 005 | 20150715140206.0 | ||
| 008 | 150715b xxu||||| |||| 00| 0 eng d | ||
| 040 |
_aMACL _cMACL |
||
| 041 | _aEnglish | ||
| 082 | _a324/RED | ||
| 100 |
_aReddy, G Ram _92190 |
||
| 245 | _aPatterns of Panchayati Raj in India | ||
| 260 |
_bThe Macmillan Company of India Limited _c1977 _aMadras |
||
| 350 | _a29 | ||
| 650 |
_aPolitical Science _988 |
||
| 942 |
_cBK _k324 _2ddc |
||
| 999 |
_c6748 _d6748 |
||